000 00835nam0a22002411 4500
001 rc\2366303
005 20250623053227.0
035 _a(NLR Aleph) 006597863
090 _a7215918
_c7215918
100 _a20110829d1976 |||y0rusy50 ca
101 0 _arus
102 _aRU
105 _ay j |||||
200 1 _aХудожественные кинофильмы как учебный материал
_eМетодика работы с кинофильмами на занятиях по речевой практике
_fВоен. ин-т
210 _aМосква
_cБ. и.
_d1976
215 _a14 с.
_d19
700 1 _aАрбекова
_bТ.И.
_gТатьяна Ивановна
801 0 _aRU
_bNLR
_gpsbo
801 1 _aRU
_bELAR
_2rusmarc
852 _aNLR
_j77-4/4051
899 _aRuMoRGB
_jБ 76-56/4408
942 _cBOOK
980 _aNB